LEADER 00982nam1 2200337 45 001 990000795140203316 035 $a0079514 035 $aUSA010079514 035 $a(ALEPH)000079514USA01 035 $a0079514 100 $a19890605g19859999|||y0itay01 b 101 $aita 102 $aIT 105 $a00||| 200 1 $a<> diritto privato dell'informatica$fMario G. Losano$v2.1 210 $aTorino$cG. Einaudi$d1985 215 $aXVIII, 298 p.$d18 cm 461 1$100149$12001$aCorso di informatica giuridica 606 $aInformatica$xAspetti giuridici 676 $a343.0999 700 1$aLOSANO,$bMario G.$03124 801 0$aIT$bBNI$c19890605 912 $a990000795140203316 951 $aCOLL. AK 462 1$b64605 EC$cCOLL. AK 959 $aBK 969 $aECO 979 $aPATTY$b90$c20011210$lUSA01$h0954 979 $c20020403$lUSA01$h1726 979 $aPATRY$b90$c20040406$lUSA01$h1655 996 $aDiritto privato dell'informatica$9167150 997 $aUNISA LEADER 00943cam0-22003491i-450- 001 990006125090403321 005 20060221162344.0 035 $a000612509 035 $aFED01000612509 035 $a(Aleph)000612509FED01 035 $a000612509 100 $a20000112d1974----km-y0itay50------ba 101 1 $aita$cfre 105 $ay-------001yy 200 1 $a<>cittą$eutopie e realtą$fFrancoise Choay$gtraduzione di Paola Ponis 205 $a2. ed. 210 $aTorino$cEinaudi$d1974 215 $a2 v.$d21 cm 225 1 $aEinaudi paperbacks$v37 676 $a711.01 676 $a711 700 1$aChoay,$bFranēoise$f<1925- >$0334298 702 1$aPonis,$bPaola 801 0$aIT$bUNINA$gRICA$2UNIMARC 901 $aBK 912 $a990006125090403321 952 $aXI N 401 (1-2)$b19809*$fFGBC 952 $aZ-23A/B$b48905 ECONOMATO$fDDRC 959 $aFGBC 959 $aDDRC 996 $aCittą$9116945 997 $aUNINA